Kompetenzentwicklung statt Leistungsbewertung: erste Erkenntnisse aus der Arbeit mit Portfolios und Rubrics im Projekt Verantwortung lernen
Saved in:
| Main Author: | |
|---|---|
| Format: | Article (Journal) |
| Language: | German |
| Published: |
2003
|
| In: |
Lernende Schule
Year: 2003, Issue: 31, Pages: 58-60 |
| ISSN: | 1435-1692 |
| Online Access: |
|
| Author Notes: | Sliwka, A. |
MARC
| LEADER | 00000caa a22000002c 4500 | ||
|---|---|---|---|
| 001 | 1633427021 | ||
| 003 | DE-627 | ||
| 005 | 20220815225138.0 | ||
| 007 | tu | ||
| 008 | 131024s2003 xx ||||| 00| ||ger c | ||
| 035 | |a (DE-627)1633427021 | ||
| 035 | |a (DE-576)394675703 | ||
| 035 | |a (DE-599)BSZ394675703 | ||
| 035 | |a (OCoLC)1341155529 | ||
| 040 | |a DE-627 |b ger |c DE-627 |e rakwb | ||
| 041 | |a ger | ||
| 084 | |a 22 |2 sdnb | ||
| 100 | 1 | |a Sliwka, Anne |d 1969- |0 (DE-588)128764414 |0 (DE-627)379137208 |0 (DE-576)182941965 |4 aut | |
| 245 | 1 | 0 | |a Kompetenzentwicklung statt Leistungsbewertung |b erste Erkenntnisse aus der Arbeit mit Portfolios und Rubrics im Projekt Verantwortung lernen |c Sliwka, A. |
| 264 | 1 | |c 2003 | |
| 300 | |a 3 | ||
| 336 | |a Text |b txt |2 rdacontent | ||
| 337 | |a ohne Hilfsmittel zu benutzen |b n |2 rdamedia | ||
| 338 | |a Band |b nc |2 rdacarrier | ||
| 773 | 0 | 8 | |i In |t Lernende Schule |d Hannover : Friedrich Verlag GmbH, 1998 |g (2003), 31, Seite 58-60 |w (DE-627)240705882 |w (DE-600)1416988-5 |w (DE-576)066396816 |x 1435-1692 |7 nnas |a Kompetenzentwicklung statt Leistungsbewertung erste Erkenntnisse aus der Arbeit mit Portfolios und Rubrics im Projekt Verantwortung lernen |
| 773 | 1 | 8 | |g year:2003 |g number:31 |g pages:58-60 |g extent:3 |a Kompetenzentwicklung statt Leistungsbewertung erste Erkenntnisse aus der Arbeit mit Portfolios und Rubrics im Projekt Verantwortung lernen |
| 951 | |a AR | ||
| 992 | |a 20131024 | ||
| 993 | |a Article | ||
| 994 | |a 2003 | ||
| 998 | |g 128764414 |a Sliwka, Anne |m 128764414:Sliwka, Anne |d 910000 |d 950000 |d 950950 |e 910000PS128764414 |e 950000PS128764414 |e 950950PS128764414 |k 0/910000/ |k 1/910000/950000/ |k 2/910000/950000/950950/ |p 1 |x j |y j | ||
| 999 | |a KXP-PPN1633427021 |e 3287003054 | ||
| BIB | |a Y | ||
| SER | |a journal | ||
| JSO | |a {"type":{"bibl":"article-journal"},"physDesc":[{"extent":"3 S."}],"relHost":[{"type":{"bibl":"periodical"},"physDesc":[{"noteFormat":"30 cm"}],"pubHistory":["1.1998=H. 1 -"],"recId":"240705882","origin":[{"dateIssuedKey":"1998","publisherPlace":"Hannover ; Seelze","publisher":"Friedrich Verlag GmbH ; Friedrich","dateIssuedDisp":"1998-"}],"title":[{"title":"Lernende Schule","title_sort":"Lernende Schule","subtitle":"für die Praxis pädagogischer Schulentwicklung"}],"id":{"eki":["240705882"],"issn":["1435-1692"],"zdb":["1416988-5"]},"language":["ger"],"titleAlt":[{"title":"Für die Praxis pädagogischer Schulentwicklung / Werkstatt"}],"note":["Ungezählte Beil.: Für die Praxis pädagogischer Schulleitung in der lernenden Schule; darin 2006-2015: Werkstatt"],"part":{"extent":"3","year":"2003","pages":"58-60","text":"(2003), 31, Seite 58-60","issue":"31"},"disp":"Kompetenzentwicklung statt Leistungsbewertung erste Erkenntnisse aus der Arbeit mit Portfolios und Rubrics im Projekt Verantwortung lernenLernende Schule"}],"recId":"1633427021","name":{"displayForm":["Sliwka, A."]},"person":[{"family":"Sliwka","role":"aut","display":"Sliwka, Anne","given":"Anne"}],"title":[{"subtitle":"erste Erkenntnisse aus der Arbeit mit Portfolios und Rubrics im Projekt Verantwortung lernen","title_sort":"Kompetenzentwicklung statt Leistungsbewertung","title":"Kompetenzentwicklung statt Leistungsbewertung"}],"origin":[{"dateIssuedDisp":"2003","dateIssuedKey":"2003"}],"language":["ger"],"id":{"eki":["1633427021"]}} | ||
| SRT | |a SLIWKAANNEKOMPETENZE2003 | ||